Today's gospel : (Record no. 9731)
[ view plain ]
| 000 -LEADER | |
|---|---|
| fixed length control field | 00749nam a22002292 4500 |
| 001 - CONTROL NUMBER | |
| control field | 0000021571 |
| 005 - DATE AND TIME OF LATEST TRANSACTION | |
| control field | 20151217152236.0 |
| 008 - FIXED-LENGTH DATA ELEMENTS--GENERAL INFORMATION | |
| fixed length control field | 120720s xx 000 0 eng d |
| 020 ## - INTERNATIONAL STANDARD BOOK NUMBER | |
| International Standard Book Number | 0851510279 : |
| 040 ## - CATALOGING SOURCE | |
| Original cataloging agency | KABU |
| Transcribing agency | KABU |
| 100 1# - MAIN ENTRY--PERSONAL NAME | |
| Personal name | Chantry, Walter J. |
| -- | 0000182504 |
| 245 10 - TITLE STATEMENT | |
| Title | Today's gospel : |
| Remainder of title | authentic or synthetic? / |
| Statement of responsibility, etc. | Walter J. Chantry. |
| 250 ## - EDITION STATEMENT | |
| Edition statement | 1st ed. |
| 260 ## - PUBLICATION, DISTRIBUTION, ETC. (IMPRINT) | |
| Place of publication, distribution, etc. | Carlisle, PA : |
| Name of publisher, distributor, etc. | Banner of Truth Trust, |
| Date of publication, distribution, etc. | 1970. |
| 300 ## - PHYSICAL DESCRIPTION | |
| Extent | vii, 85 p. |
| 650 #0 - SUBJECT ADDED ENTRY--TOPICAL TERM | |
| Topical term or geographic name as entry element | Preaching. |
| -- | 0000148272 |
| 650 #0 - SUBJECT ADDED ENTRY--TOPICAL TERM | |
| Topical term or geographic name as entry element | Christianity |
| General subdivision | Essence, genius, nature. |
| -- | 0000182505 |
| 852 1# - LOCATION | |
| -- | p150 KES |
| 852 1# - LOCATION | |
| -- | p150 KES |
| 908 ## - PUT COMMAND PARAMETER (RLIN) | |
| Put command parameter | 120720 |
| 950 ## - LOCAL HOLDINGS (RLIN) | |
| -- | 1 |
| Withdrawn status | Lost status | Source of classification or shelving scheme | Not for loan | Home library | Current library | Date acquired | Total Checkouts | Full call number | Barcode | Date last seen | Price effective from | Koha item type |
|---|---|---|---|---|---|---|---|---|---|---|---|---|
| Library of Congress Classification | Kabarak, Main Campus | Kabarak, Main Campus | 17/12/2015 | BV4211.2 .C43 1970 c. 1 | 013463 | 17/12/2015 | 17/12/2015 | General Collection | ||||
| Library of Congress Classification | Kabarak, Main Campus | Kabarak, Main Campus | 17/12/2015 | BV4211.2 .C43 1970 c. 2 | 013462 | 17/12/2015 | 17/12/2015 | General Collection |